000 00328nam a2200133 i 4500
001 bg
100 1 _aTOMALA, Mieczysław
245 0 _aGospodarka RFN wczoraj, dziś i jutro /
_cMieczysław Tomala.
260 _aWarszawa,
_c1979.
040 _cBPK
041 _apol
942 _cKS
008 s pl f |000 0 pol
999 _c19227
_d19227
856 _uhttp://koha.tu.koszalin.pl/cgi-bin/koha/opac-detail.pl?biblionumber=19227
_yKatalog online BPK